Statistics for Youngest Countries In The Word

Click here to take the quiz!

General Stats

  • This quiz has been taken 61 times
  • The average score is 8 of 10

Answer Stats

YearCountry% Correct
2011South Sudan
100%
2008Kosovo
89%
2006Montenegro
88%
2006Serbia
86%
1993Czech Republic
75%
1993Slovakia
73%
1992Bosnia and Herzegovina
71%
2002East Timor
71%
1994Palau
54%
1993Eritrea
52%

Score Distribution

Percentile by Number Answered

Percent of People with Each Score

Your Score History

You have not taken this quiz